どの市区町村にある? - Statistics

General Stats
  • This quiz has been taken 33 times
    32 since last reset
  • The average score is 16 of 22
Answer Stats
Hint Answer % Correct
ハウステンボス 佐世保市
96%
阪神甲子園球場 西宮市
93%
厳島神社 廿日市市
89%
善光寺 長野市
89%
万博記念公園 吹田市
89%
三内丸山遺跡 青森市
89%
高尾山 八王子市
86%
長崎空港 大村市
82%
天橋立 宮津市
82%
明治神宮 渋谷区
79%
城崎温泉 豊岡市
79%
黒部ダム 立山町
75%
田沢湖 仙北市
71%
法隆寺 斑鳩町
71%
松下村塾 萩市
68%
中山競馬場 船橋市
64%
富士サファリパーク 裾野市
64%
開聞岳 指宿市
61%
竹島(島根県) 隠岐の島町
61%
竹田城 朝来市
57%
ジブリパーク 長久手市
54%
スーパーカミオカンデ 飛騨市
46%
No matching quizzes found
Score Distribution
Percent of People with Each Score
Percentile by Number Answered
Your Score History
You have not taken this quiz since the last reset